10 największych miast w Austrii - Statystyki

Ogólne statystyki
  • Ten quiz został rozwiązany 480 razy
  • Średni wynik to 5 z 10
Statystyki odpowiedzi
Liczba ludności % ludności Miasto % Poprawnych
1 691 468 19% Wiedeń
100%
150 269 1,7% Salzburg
86%
222 326 2,5% Graz
77%
112 467 1,2% Innsbruck
72%
181 162 2,0% Linz
70%
90 610 1,0% Klagenfurt am Wörthersee
38%
58 882 0,7% Villach
25%
49 001 0,6% St. Polten
18%
57 946 0,7% Wels
10%
43 013 0,5% Dornbirn
5%
Nie znaleziono quizów pasujących do podanych kryteriów
Rozkład punktacji
Procent ludzi z każdym wynikiem
Percentyl według liczby udzielonych odpowiedzi
Twoja historia wyników
Nie rozwiązałeś tego quizu